La voluntad : una historia de la militancia revolucionaria en la Argentina : 1966-1973 /

Obra en tres volúmenes, disponible en biblioteca el uno y dos, que presenta una crónica de los acontecimientos más relevantes protagonizadas por mujeres y hombres que en los años sesenta y setenta se involucraron en acciones relacionadas en contra de la dictadura militar, que se instituyó como gobie...

Mô tả đầy đủ

Đã lưu trong:
Chi tiết về thư mục
Tác giả chính: Anguita, Eduardo (autor)
Tác giả khác: Caparrós, Martín (autor) (autor)
Định dạng: Sách
Ngôn ngữ:Tiếng Tây Ban Nha
Được phát hành: Buenos Aires, Argentina : Planeta, 2013, c2013
Những chủ đề:
Các nhãn: Thêm thẻ
Không có thẻ, Là người đầu tiên thẻ bản ghi này!

MARC

LEADER 00000nam^a2200000^a^4500
001 000353212
005 20250521000000.0
009 20260310115100.831
020 |a 978-950-49-3165-2 
037 |a Acervo ITESO - Biblioteca 
041 |a ESP 
082 |a 982. 063  |b ANG V. 1 
100 |a Anguita, Eduardo  |e (autor) 
240 1 4 |a [La voluntad: una historia de la militancia revolucionaria en la Argentina] 
245 1 3 |a La voluntad :  |b una historia de la militancia revolucionaria en la Argentina : 1966-1973 /  |c A. Anguita, M. Caparrós. 
264 4 |a Buenos Aires, Argentina :  |b Planeta,  |c 2013, c2013 
300 |a XXI, 757 p. 
336 |a texto  |b txt  |2 rdacontenido 
337 |a sin mediación  |b n  |2 rdamedio 
338 |a volumen  |b nc  |2 rdasoporte 
520 |a Obra en tres volúmenes, disponible en biblioteca el uno y dos, que presenta una crónica de los acontecimientos más relevantes protagonizadas por mujeres y hombres que en los años sesenta y setenta se involucraron en acciones relacionadas en contra de la dictadura militar, que se instituyó como gobierno tras el golpe de estado del 28 de junio de 1966 en Argentina. El V. 1 describe los acontecimientos y las condiciones de los militantes de 1966 a 1973; el V. 2, de 1973 a 1976; el V. 3, de 1976 a 1978. La presente obra corresponde al V. 1. 
649 |a XX 
650 |a Activistas Sociales Argentinos 
650 |a Golpe de Estado -  |z Argentina -  |x Historia 
650 |a Dictadura -  |z Argentina -  |x Historia 
650 |a Violencia Política -  |z Argentina -  |x Historia 
650 |a Política Militar -  |z Argentina -  |x Historia 
650 |a Política -  |z Argentina -  |x Historia -  |y 1955-1973 
650 |a Política -  |z Argentina -  |x Historia -  |y Siglo XX 
650 |a Argentina -  |x Historia -  |y 1955-1973 -  |x Tema Principal 
650 |a Argentina -  |x Historia -  |y Siglo XX 
700 |a Caparrós, Martín  |e (autor) 
910 |a Fondo General 
920 |a Impresos - Libros 
930 |a Colección General 
905 |a 101 
901 |a 0500245363  |b IT1  |c ACC  |i C145905  |u 20250521 
902 |a https://opac.biblio.iteso.mx/vufind/Record/000353212